[Event "4NCL Division 1c"]
[Site "Telford, ENG"]
[Date "2017.04.29"]
[Round "9.12"]
[White "Grandelius, Nils"]
[Black "Aagaard, Jacob"]
[Result "1/2-1/2"]
[WhiteElo "2641"]
[BlackElo "2417"]
[PlyCount "118"]
[EventDate "2017.04.29"]
[WhiteTeam "Cheddleton 1"]
[BlackTeam "Wood Green HK"]

1. e4 e5 2. Nf3 Nf6 3. Nc3 Nc6 4. Bb5 Nd4 5. Bc4 Bc5 6. d3 d6 7. Na4 b5 8. Nxd4
bxc4 9. Nf5 Bxf5 10. exf5 Bb6 11. dxc4 Qd7 12. Nxb6 axb6 13. Qd3 e4 14. Qh3 Ra5
15. Bd2 Rxf5 16. O-O Qe6 17. b3 Rh5 18. Qg3 O-O 19. Rae1 h6 20. f3 d5 21. fxe4
dxc4 22. e5 Nd7 23. Bc3 Rg5 24. Qf4 Ra8 25. a4 cxb3 26. cxb3 Nc5 27. Qf3 Rd8
28. Rd1 Rxd1 29. Rxd1 Rf5 30. Qd5 Nxb3 31. Qd8+ Kh7 32. Qxc7 Nc5 33. Qd6 Nxa4
34. Qxe6 fxe6 35. Ba1 Rf4 36. Rd6 Rc4 37. Kf2 Nc5 38. Rxb6 Ra4 39. Rb1 Kg6 40.
Rf1 Nb3 41. Bc3 Rc4 42. Be1 Rf4+ 43. Kg1 Rxf1+ 44. Kxf1 Kf5 45. Kf2 Nd4 46. Bc3
Ke4 47. Bb4 g6 48. Bd2 h5 49. Kg3 Nc6 50. Kh4 Kf5 51. h3 Nxe5 52. Bc3 Nf7 53.
Bd2 e5 54. Bc1 e4 55. Bd2 Ne5 56. Bc1 Nd3 57. Be3 Nf4 58. g4+ Ke5 59. Ba7 Nxh3
1/2-1/2

[Event "4NCL Division 1c"]
[Site "Telford, ENG"]
[Date "2017.04.29"]
[Round "9.13"]
[White "Haria, Ravi"]
[Black "Sokolov, Ivan"]
[Result "1/2-1/2"]
[WhiteElo "2425"]
[BlackElo "2628"]
[PlyCount "106"]
[EventDate "2017.04.29"]
[WhiteTeam "Wood Green HK"]
[BlackTeam "Cheddleton 1"]

1. Nf3 Nf6 2. g3 d5 3. Bg2 c6 4. c4 dxc4 5. O-O g6 6. Na3 a5 7. Nxc4 a4 8. b4
axb3 9. Qxb3 Bg7 10. a4 O-O 11. Rb1 Nbd7 12. a5 Nc5 13. Qe3 Nce4 14. Nb6 Ra6
15. Nxc8 Qxc8 16. Nd4 Nc5 17. Ba3 Ncd7 18. Qb3 Ng4 19. e3 Bxd4 20. exd4 Rxa5
21. Bxe7 Re8 22. Bd6 Rb5 23. Qf3 Rxb1 24. Rxb1 Ngf6 25. Qb3 Re6 26. Bf4 b5 27.
Rc1 Qa6 28. Bh3 Re8 29. Qf3 b4 30. Bf1 Qa2 31. Qxc6 b3 32. Bc4 Kg7 33. Rf1 Qa3
34. Be5 Nxe5 35. dxe5 Rxe5 36. Qb7 Re7 37. Qxb3 Qc5 38. Qc3 Rd7 39. Be2 Qxc3
40. dxc3 Rd2 41. Re1 Ne4 42. c4 f5 43. Kf1 Rc2 44. Bd3 Rxf2+ 45. Kg1 Rd2 46.
Bxe4 fxe4 47. Rxe4 Rc2 48. h4 Kf6 49. g4 h5 50. Kf1 hxg4 51. Rxg4 Kf5 52. Rd4
Ke5 53. Rg4 Kf5 1/2-1/2

[Event "4NCL Division 1c"]
[Site "Telford, ENG"]
[Date "2017.04.29"]
[Round "9.14"]
[White "Hawkins, Jonathan"]
[Black "Hanley, Craig A"]
[Result "1/2-1/2"]
[WhiteElo "2585"]
[BlackElo "2437"]
[PlyCount "156"]
[EventDate "2017.04.29"]
[WhiteTeam "Cheddleton 1"]
[BlackTeam "Wood Green HK"]

1. d4 Nf6 2. c4 e6 3. Nc3 d5 4. Nf3 Be7 5. Bg5 h6 6. Bh4 O-O 7. e3 Ne4 8. Bxe7
Qxe7 9. Rc1 c6 10. Bd3 Nxc3 11. Rxc3 Nd7 12. Qc2 dxc4 13. Bxc4 e5 14. O-O exd4
15. exd4 Nb6 16. Re1 Qf6 17. Bb3 Bf5 18. Qe2 Rad8 19. Qe7 Qxe7 20. Rxe7 Bc8 21.
Rc5 Nd7 22. Rf5 Nf6 23. Rfe5 a6 24. h3 Nd7 25. Ra5 g6 26. d5 c5 27. d6 Kg7 28.
Be6 Ne5 29. Bxc8 Nxf3+ 30. gxf3 Rxc8 31. Rxb7 Rc6 32. d7 Kf6 33. Kf1 Ke6 34.
Ra7 Rd8 35. R5xa6 Rxa6 36. Rxa6+ Kxd7 37. Ke2 Re8+ 38. Kd2 Re5 39. Rf6 Ke7 40.
Rf4 Rd5+ 41. Kc3 Rd1 42. a4 Ra1 43. b3 Rc1+ 44. Kd3 g5 45. Rc4 Rb1 46. Rc3 Kd6
47. f4 Rb2 48. fxg5 hxg5 49. f4 Kd5 50. Ke3 f6 51. Rd3+ Ke6 52. Ke4 f5+ 53. Kf3
gxf4 54. Kxf4 Rf2+ 55. Rf3 Rd2 56. Rc3 Rf2+ 57. Kg3 Rb2 58. h4 Kf6 59. a5 Rb1
60. Kg2 Kg6 61. Kf2 Kf6 62. Ke3 Ke6 63. h5 Rh1 64. Rxc5 Rxh5 65. b4 Kd6 66. a6
Rh3+ 67. Kd4 f4 68. a7 Rh8 69. b5 f3 70. b6 f2 71. b7 Rh4+ 72. Kc3 f1=Q 73.
b8=Q+ Kxc5 74. Qc7+ Kb5 75. Qb7+ Kc5 76. Qe7+ Kb5 77. Qe5+ Kb6 78. Qb8+ Kc5
1/2-1/2

[Event "4NCL Division 1c"]
[Site "Telford, ENG"]
[Date "2017.04.29"]
[Round "9.15"]
[White "Weaving, Richard"]
[Black "Fodor, Tamas Jr"]
[Result "1-0"]
[WhiteElo "2342"]
[BlackElo "2513"]
[PlyCount "103"]
[EventDate "2017.04.29"]
[WhiteTeam "Wood Green HK"]
[BlackTeam "Cheddleton 1"]

1. e4 e5 2. Nf3 Nc6 3. Bb5 a6 4. Ba4 Nf6 5. Qe2 Be7 6. O-O b5 7. Bb3 d6 8. c3
Na5 9. Bc2 c5 10. d4 Qc7 11. d5 Nc4 12. a4 Rb8 13. axb5 axb5 14. Bd3 Na5 15.
Bxb5+ Bd7 16. Na3 O-O 17. Nd2 g6 18. Bxd7 Nxd7 19. Nac4 Nxc4 20. Nxc4 f5 21. f3
f4 22. Bd2 Ra8 23. b4 Rfb8 24. Na5 cxb4 25. cxb4 Qa7+ 26. Kh1 Bd8 27. Nb3 Qb7
28. g3 fxg3 29. hxg3 Nf6 30. Kg2 Rc8 31. Qd3 h5 32. Rxa8 Rxa8 33. Na5 Qd7 34.
Rc1 Ne8 35. Qc4 Qf7 36. Nc6 Bb6 37. Na5 Rb8 38. Nc6 Ra8 39. Na5 Rb8 40. Rc2 Nf6
41. Qe2 Qd7 42. Ra2 Ra8 43. Bc1 Kg7 44. Nc6 Rxa2 45. Qxa2 h4 46. Qa6 Bc7 47.
Qa7 h3+ 48. Kh2 Ne8 49. Qe3 Kg8 50. Qg5 Qh7 51. Be3 Kf8 52. b5 1-0

[Event "4NCL Division 1c"]
[Site "Telford, ENG"]
[Date "2017.04.29"]
[Round "9.16"]
[White "Williams, Simon K"]
[Black "Kulon, Klaudia"]
[Result "1/2-1/2"]
[WhiteElo "2452"]
[BlackElo "2372"]
[PlyCount "116"]
[EventDate "2017.04.29"]
[WhiteTeam "Cheddleton 1"]
[BlackTeam "Wood Green HK"]

1. d4 Nf6 2. Bf4 g6 3. Nc3 Bg7 4. e4 d6 5. Qd2 O-O 6. O-O-O c6 7. f3 Qa5 8. Kb1
e5 9. dxe5 dxe5 10. Bg5 Be6 11. h4 Na6 12. Bxa6 Qxa6 13. Nge2 b5 14. Nc1 Qb6
15. Be3 Qc7 16. Qd6 Qxd6 17. Rxd6 Rfc8 18. Rd2 a6 19. Nb3 Rd8 20. Rxd8+ Rxd8
21. Ne2 Bf8 22. Nec1 Be7 23. Nd3 Nd7 24. Kc1 f6 25. h5 Kg7 26. g4 Rc8 27. Nbc5
Bxc5 28. Bxc5 Nxc5 29. Nxc5 Bc4 30. Kd2 Rd8+ 31. Ke3 gxh5 32. Rxh5 Rd1 33. b3
Bf7 34. Rh2 a5 35. Rd2 Rc1 36. a4 Re1+ 37. Kf2 Ra1 38. Ke3 Re1+ 39. Kf2 Ra1 40.
Rd6 Rc1 41. Rxc6 bxa4 42. bxa4 Rxc2+ 43. Kg3 Kg6 44. Rc7 h6 45. Rc8 Ba2 46. Rc7
Rc3 47. Kh4 Bg8 48. Kg3 Bf7 49. Kh4 Ba2 50. Kg3 h5 51. gxh5+ Kxh5 52. Rh7+ Kg6
53. Rh2 Rxc5 54. Rxa2 Kg5 55. Rb2 Rc4 56. Rb5 Rxa4 57. f4+ Kg6 58. fxe5 Rxe4
1/2-1/2

[Event "4NCL Division 1c"]
[Site "Telford, ENG"]
[Date "2017.04.29"]
[Round "9.17"]
[White "Pein, Malcolm"]
[Black "Kirk, Ezra"]
[Result "1-0"]
[WhiteElo "2348"]
[BlackElo "2365"]
[PlyCount "147"]
[EventDate "2017.04.29"]
[WhiteTeam "Wood Green HK"]
[BlackTeam "Cheddleton 1"]

1. d4 Nf6 2. c4 g6 3. Nc3 Bg7 4. e4 d6 5. Nf3 O-O 6. Be2 e5 7. O-O Nbd7 8. Be3
Re8 9. d5 Nh5 10. g3 Bf8 11. Ne1 Ng7 12. Nd3 Be7 13. Qd2 f5 14. f3 Nf6 15. c5
fxe4 16. fxe4 Bh3 17. Rfc1 Ng4 18. Bxg4 Bxg4 19. Nf2 Bd7 20. c6 bxc6 21. dxc6
Be6 22. Nd5 Rf8 23. b4 h5 24. b5 h4 25. Rc3 Nh5 26. Nxe7+ Qxe7 27. Bg5 Qf7 28.
Bxh4 Rfb8 29. a4 a6 30. Rf1 Qg7 31. Qg5 axb5 32. Ng4 bxa4 33. Rcf3 a3 34. Nf6+
Nxf6 35. Rxf6 Kh7 36. Rxe6 Rf8 37. Ra1 a2 38. Re7 Rf7 39. Rxf7 Qxf7 40. Qe7
Qxe7 41. Bxe7 Kh6 42. h4 Kh5 43. Kf2 Kg4 44. Bg5 Ra6 45. Bd8 Rxc6 46. Rxa2 Rc4
47. Ra7 Rc2+ 48. Ke3 Rc3+ 49. Ke2 Rxg3 50. Rxc7 Kf4 51. Rd7 Kxe4 52. Rxd6 Rg2+
53. Kf1 Ra2 54. Rxg6 Kf3 55. Rf6+ Kg3 56. Rg6+ Kf3 57. Rf6+ Kg3 58. Re6 Kf4 59.
Bg5+ Kf5 60. Rf6+ Kg4 61. Re6 Kf5 62. Rf6+ Kg4 63. Rf2 Ra1+ 64. Ke2 Ra3 65. Rf8
e4 66. Rf4+ Kh5 67. Rxe4 Ra5 68. Kf3 Ra3+ 69. Kf4 Ra5 70. Re5 Ra4+ 71. Re4 Ra5
72. Be7 Kg6 73. Kg4 Rb5 74. Ra4 1-0

[Event "4NCL Division 1c"]
[Site "Telford, ENG"]
[Date "2017.04.29"]
[Round "9.21"]
[White "Roberson, Peter T"]
[Black "Ashton, Adam G"]
[Result "1/2-1/2"]
[WhiteElo "2401"]
[BlackElo "2360"]
[PlyCount "70"]
[EventDate "2017.04.29"]
[WhiteTeam "Grantham Sharks 1"]
[BlackTeam "3Cs 1"]

1. e4 e5 2. Nf3 Nc6 3. Bb5 a6 4. Ba4 Nf6 5. d3 b5 6. Bb3 Be7 7. O-O O-O 8. Nc3
d6 9. a3 Na5 10. Ba2 c5 11. b4 Nc6 12. Nd5 Bb7 13. c3 Nxd5 14. Bxd5 Bf6 15. a4
cxb4 16. cxb4 Qd7 17. Qb3 Ne7 18. Bxb7 Qxb7 19. axb5 axb5 20. Bb2 Rxa1 21. Rxa1
Rc8 22. h3 h6 23. Nh2 Ng6 24. Nf1 Nf4 25. Ne3 Qd7 26. Ra6 Rc6 27. Ra5 Bd8 28.
Ra8 Rc8 29. Rxc8 Qxc8 30. Nf5 Qd7 31. Kf1 Qc6 32. Qc3 Qxc3 33. Bxc3 Nxd3 34.
Nxd6 Be7 35. Nxb5 Bxb4 1/2-1/2

[Event "4NCL Division 1c"]
[Site "Telford, ENG"]
[Date "2017.04.29"]
[Round "9.22"]
[White "Longson, Alexander"]
[Black "Rendle, Thomas E"]
[Result "1/2-1/2"]
[WhiteElo "2321"]
[BlackElo "2360"]
[PlyCount "50"]
[EventDate "2017.04.29"]
[WhiteTeam "3Cs 1"]
[BlackTeam "Grantham Sharks 1"]

1. e4 e6 2. d4 d5 3. Nd2 Be7 4. Ngf3 Nf6 5. Bd3 c5 6. c3 Nc6 7. O-O cxd4 8.
cxd4 dxe4 9. Nxe4 O-O 10. Be3 Nxe4 11. Bxe4 Bf6 12. Qd3 g6 13. a3 Qd6 14. Rac1
Rd8 15. Bxc6 bxc6 16. Qe4 Qd5 17. Qf4 Qf5 18. Qxf5 gxf5 19. Rfd1 Bb7 20. Ne5
Rac8 21. Nd3 Rd6 22. Nc5 Ba8 23. Rd3 Rcd8 24. Rcd1 Rd5 25. f4 Kf8 1/2-1/2

[Event "4NCL Division 1c"]
[Site "Telford, ENG"]
[Date "2017.04.29"]
[Round "9.23"]
[White "Daskalov, Dimitar"]
[Black "Abbas, Daniel"]
[Result "0-1"]
[WhiteElo "2332"]
[BlackElo "2285"]
[PlyCount "92"]
[EventDate "2017.04.29"]
[WhiteTeam "Grantham Sharks 1"]
[BlackTeam "3Cs 1"]

1. e4 c5 2. Nc3 a6 3. Nf3 e6 4. d4 cxd4 5. Nxd4 Qc7 6. Bd3 Nf6 7. O-O d6 8. Kh1
Nbd7 9. f4 Be7 10. Qf3 b5 11. a3 Bb7 12. Bd2 O-O 13. Rae1 Nc5 14. b4 Nxd3 15.
cxd3 Qd7 16. g4 Rfd8 17. g5 d5 18. gxf6 dxe4 19. Nxe4 Bxf6 20. Nb3 Be7 21. Bc3
Rac8 22. Ba1 Qxd3 23. Re3 Qc2 24. Nf6+ Bxf6 25. Qxb7 Bxa1 26. Nxa1 Qb2 27. Rb3
Qd2 28. Rbf3 Qb2 29. f5 e5 30. f6 g6 31. Qe4 Rc1 32. Nb3 Rxf1+ 33. Rxf1 Qxb3
34. Qxe5 Qxa3 35. Qe7 Qd3 36. Re1 h5 37. Kg2 h4 38. Re3 Qd5+ 39. Re4 Qg5+ 40.
Kf2 Qf5+ 41. Ke2 Qh5+ 42. Ke3 Qg5+ 43. Kf2 Qd2+ 44. Re2 Qf4+ 45. Kg2 h3+ 46.
Kxh3 Qf3+ 0-1

[Event "4NCL Division 1c"]
[Site "Telford, ENG"]
[Date "2017.04.29"]
[Round "9.25"]
[White "Stead, Nick P"]
[Black "Guichard, Pauline"]
[Result "0-1"]
[WhiteElo "2192"]
[BlackElo "2312"]
[PlyCount "48"]
[EventDate "2017.04.29"]
[WhiteTeam "Grantham Sharks 1"]
[BlackTeam "3Cs 1"]

1. d4 Nf6 2. c4 e6 3. Nc3 Bb4 4. Nf3 d6 5. Bg5 h6 6. Bh4 Nbd7 7. Qc2 c5 8. e3
b6 9. Be2 Bb7 10. O-O Bxc3 11. Qxc3 O-O 12. Rfd1 Qc7 13. Rac1 Rac8 14. Nd2 d5
15. dxc5 bxc5 16. cxd5 exd5 17. Bg3 Qb6 18. Qa3 Rfe8 19. Bf3 c4 20. Nb1 Nc5 21.
Rc2 Nd3 22. Nc3 d4 23. Bxb7 Qxb7 24. exd4 Ne1 0-1

[Event "4NCL Division 1c"]
[Site "Telford, ENG"]
[Date "2017.04.29"]
[Round "9.26"]
[White "Congiu, Mathilde"]
[Black "Cumbers, Paul"]
[Result "1-0"]
[WhiteElo "2227"]
[BlackElo "2165"]
[PlyCount "100"]
[EventDate "2017.04.29"]
[WhiteTeam "3Cs 1"]
[BlackTeam "Grantham Sharks 1"]

1. e4 e6 2. d4 d5 3. Nd2 Nf6 4. e5 Nfd7 5. Bd3 c5 6. c3 Nc6 7. Ne2 cxd4 8. cxd4
f6 9. exf6 Nxf6 10. O-O Bd6 11. Nf3 Qc7 12. Nc3 a6 13. Bd2 O-O 14. h3 Bd7 15.
Re1 Rae8 16. Rc1 Qb6 17. Na4 Qa7 18. Be3 Nb4 19. Bb1 Bxa4 20. Qxa4 Nc6 21. a3
Qb8 22. Qc2 Re7 23. Ng5 g6 24. Nf3 Kh8 25. Bh6 Rfe8 26. Bg5 Rf7 27. Qd2 Nh5 28.
Rc3 Bf4 29. Qc2 Ng7 30. b4 Rf5 31. Bxf4 Qxf4 32. Qb2 Rff8 33. Rce3 Re7 34. a4
Rfe8 35. b5 axb5 36. axb5 Na5 37. Ne5 Nf5 38. Bxf5 Qxf5 39. Qb4 b6 40. Rf3 Qc2
41. Nf7+ Kg8 42. Nd6 Rd8 43. Nc4 Rf7 44. Rxf7 Kxf7 45. Nxa5 bxa5 46. Qxa5 Qc8
47. Re3 Rd7 48. Rf3+ Kg8 49. Rc3 Qb8 50. Qa6 Kf7 1-0

[Event "4NCL Division 1c"]
[Site "Telford, ENG"]
[Date "2017.04.29"]
[Round "9.27"]
[White "Murphy, Hugh W"]
[Black "Walton, Alan J"]
[Result "1/2-1/2"]
[WhiteElo "2099"]
[BlackElo "2199"]
[PlyCount "117"]
[EventDate "2017.04.29"]
[WhiteTeam "Grantham Sharks 1"]
[BlackTeam "3Cs 1"]

1. d4 e6 2. Nf3 f5 3. Bf4 Nf6 4. e3 b6 5. Be2 Bb7 6. O-O Be7 7. h3 O-O 8. c4
Ne4 9. Nfd2 d6 10. Nxe4 Bxe4 11. Nc3 Bb7 12. Bf3 Bxf3 13. Qxf3 Nd7 14. Rad1 a6
15. Bh2 Ra7 16. Rfe1 Qa8 17. e4 Rf7 18. Qe2 Nf8 19. Rd3 b5 20. cxb5 axb5 21.
Nxb5 Rxa2 22. exf5 Rxf5 23. Nxc7 Qa5 24. Rc3 Qb4 25. Rc2 Rf6 26. Bg3 Qxd4 27.
Rd2 Qb6 28. Qc4 Rxb2 29. Rxb2 Qxb2 30. Nxe6 Nxe6 31. Rxe6 Rxe6 32. Qxe6+ Kf8
33. Bxd6 Qb1+ 34. Kh2 Bxd6+ 35. Qxd6+ Kf7 36. Qd5+ Kf8 37. f4 Qf1 38. Qf5+ Kg8
39. Qe5 h6 40. f5 Qf2 41. Qe8+ Kh7 42. Qe5 Kg8 43. Qe4 Kf7 44. h4 Kf8 45. Kh3
Qf1 46. Kg4 Qd1+ 47. Qf3 Qd7 48. Qe4 Qd1+ 49. Qf3 Qd7 50. Qa8+ Kf7 51. Qa2+ Kf8
52. Qe6 Qd1+ 53. Kh3 Qd3+ 54. Kh2 Qd4 55. Kh3 Qd3+ 56. g3 Qf1+ 57. Kg4 Qd1+ 58.
Kf4 Qf1+ 59. Kg4 1/2-1/2

[Event "4NCL Division 1c"]
[Site "Telford, ENG"]
[Date "2017.04.29"]
[Round "9.31"]
[White "Sadler, Matthew D"]
[Black "Turner, Matthew J"]
[Result "1/2-1/2"]
[WhiteElo "2680"]
[BlackElo "2524"]
[PlyCount "46"]
[EventDate "2017.04.29"]
[WhiteTeam "Guildford 1"]
[BlackTeam "Barbican 4NCL 1"]

1. c4 Nf6 2. Nc3 c6 3. e4 e5 4. Nf3 Bb4 5. Nxe5 O-O 6. Nd3 Bxc3 7. dxc3 Nxe4 8.
Be2 d6 9. O-O Na6 10. f3 Nf6 11. Bg5 Re8 12. Nf2 h6 13. Bh4 g5 14. Bg3 Nh5 15.
f4 Nxg3 16. hxg3 gxf4 17. gxf4 Nc5 18. Bf3 Bf5 19. b4 Ne6 20. Be4 Qf6 21. Qxd6
Qxc3 22. Rac1 Qg3 23. Qd3 Qxd3 1/2-1/2

[Event "4NCL Division 1c"]
[Site "Telford, ENG"]
[Date "2017.04.29"]
[Round "9.32"]
[White "Parker, Jonathan F"]
[Black "Jones, Gawain C B"]
[Result "1/2-1/2"]
[WhiteElo "2528"]
[BlackElo "2671"]
[PlyCount "59"]
[EventDate "2017.04.29"]
[WhiteTeam "Barbican 4NCL 1"]
[BlackTeam "Guildford 1"]

1. Nf3 g6 2. g3 Bg7 3. d4 Nf6 4. Bg2 O-O 5. O-O d6 6. b3 c5 7. Bb2 cxd4 8. Nxd4
d5 9. c4 dxc4 10. bxc4 Qb6 11. Qc1 Na6 12. Nd2 Nc5 13. Rb1 a6 14. Nc6 Qc7 15.
Be5 Qd7 16. Nb4 Qf5 17. Bxf6 Bxf6 18. Nd5 Be6 19. Nb3 Rac8 20. Nxc5 Rxc5 21.
Rxb7 Bxd5 22. Bxd5 Rfc8 23. Qa3 e6 24. Bf3 a5 25. Qd3 Rxc4 26. Qxf5 gxf5 27.
Rd1 R4c7 28. Rd7 Rxb7 29. Rxb7 Be5 30. Bh5 1/2-1/2

[Event "4NCL Division 1c"]
[Site "Telford, ENG"]
[Date "2017.04.29"]
[Round "9.34"]
[White "Taylor, Martin R"]
[Black "Edouard, Romain"]
[Result "1/2-1/2"]
[WhiteElo "2354"]
[BlackElo "2631"]
[PlyCount "46"]
[EventDate "2017.04.29"]
[WhiteTeam "Barbican 4NCL 1"]
[BlackTeam "Guildford 1"]

1. d4 Nf6 2. c4 b6 3. Nc3 Bb7 4. f3 d5 5. cxd5 Nxd5 6. e4 Nxc3 7. bxc3 e5 8.
Be3 Nd7 9. Bd3 exd4 10. cxd4 Bb4+ 11. Kf2 O-O 12. Ne2 c5 13. Bb5 Qh4+ 14. g3
Qe7 15. Bxd7 Qxd7 16. dxc5 Qe7 17. Rc1 Bxc5 18. Bxc5 bxc5 19. Qb3 Rab8 20. Rhd1
Ba6 21. Qa3 Qf6 22. Rc2 Rfc8 23. Nf4 Qh6 1/2-1/2

[Event "4NCL Division 1c"]
[Site "Telford, ENG"]
[Date "2017.04.29"]
[Round "9.35"]
[White "Pert, Nicholas"]
[Black "Sanders, Isaac B"]
[Result "0-1"]
[WhiteElo "2565"]
[BlackElo "2341"]
[PlyCount "168"]
[EventDate "2017.04.29"]
[WhiteTeam "Guildford 1"]
[BlackTeam "Barbican 4NCL 1"]

1. d4 f5 2. Bg5 h6 3. Bh4 g5 4. e4 Nf6 5. e5 e6 6. Bg3 f4 7. Bd3 fxg3 8. Bg6+
Ke7 9. hxg3 Bg7 10. exf6+ Bxf6 11. Ne2 Qg8 12. Bh5 Nc6 13. c3 d6 14. Nd2 Bd7
15. Ne4 Bg7 16. Bf3 b6 17. g4 Rf8 18. N4g3 Kd8 19. Qd3 Bf6 20. Rd1 d5 21. c4
Be7 22. a3 Bd6 23. b4 Ne7 24. c5 Bxg3 25. Nxg3 Ng6 26. Qa6 bxc5 27. bxc5 Nh4
28. Rb1 Qf7 29. O-O Nxf3+ 30. gxf3 Qxf3 31. Qxa7 Qf4 32. c6 Bxc6 33. Rb2 Kd7
34. Qc5 Ra8 35. Rc1 Ra6 36. Kg2 Rf8 37. Rc3 Qd6 38. Qxd6+ cxd6 39. Nh5 e5 40.
Rd2 Ra4 41. f3 Rxd4 42. Rxd4 exd4 43. Rd3 Bb5 44. Rxd4 Be2 45. Kf2 Bxf3 46. Ke3
Be4 47. Ra4 Ke6 48. Ra7 Rf3+ 49. Kd2 d4 50. Ng7+ Ke5 51. Re7+ Kd5 52. Ne8 Bg6
53. Nc7+ Kc6 54. Ne6 Rxa3 55. Nxd4+ Kd5 56. Ne2 Rd3+ 57. Ke1 Rh3 58. Kf2 Bc2
59. Rc7 Bd3 60. Ng3 Kd4 61. Rc6 d5 62. Nh5 Rh4 63. Kg3 Rh1 64. Kf2 Rh4 65. Kf3
Be4+ 66. Kg3 Rh1 67. Kf2 Rh2+ 68. Kg3 Rg2+ 69. Kh3 Rg1 70. Rxh6 Ke3 71. Ng3 d4
72. Ra6 d3 73. Nxe4 Kxe4 74. Rd6 Ke3 75. Re6+ Kf3 76. Rf6+ Ke2 77. Re6+ Kd1 78.
Re4 d2 79. Kh2 Re1 80. Ra4 Kc2 81. Ra2+ Kc3 82. Ra3+ Kb4 83. Rd3 d1=Q 84. Rf3
Rh1+ 0-1

[Event "4NCL Division 1c"]
[Site "Telford, ENG"]
[Date "2017.04.29"]
[Round "9.37"]
[White "Hebden, Mark L"]
[Black "Zaksaite, Salomeja"]
[Result "1-0"]
[WhiteElo "2494"]
[BlackElo "2262"]
[PlyCount "102"]
[EventDate "2017.04.29"]
[WhiteTeam "Guildford 1"]
[BlackTeam "Barbican 4NCL 1"]

1. d4 Nf6 2. Bf4 g6 3. Nc3 d5 4. Qd2 Bg7 5. Bh6 O-O 6. Bxg7 Kxg7 7. f3 c5 8. e3
cxd4 9. exd4 Nc6 10. Bb5 Na5 11. Nge2 Bd7 12. Bd3 Nc4 13. Bxc4 dxc4 14. a4 Qa5
15. Ne4 Qxd2+ 16. Kxd2 Nxe4+ 17. fxe4 e5 18. Kc3 f5 19. dxe5 fxe4 20. Rhe1 Rae8
21. Kxc4 Rxe5 22. Kd4 Rh5 23. h3 Rf2 24. Ra3 Bc6 25. c4 e3 26. g3 Rxh3 27. Rxe3
a5 28. Nf4 Rhh2 29. b3 Rf3 30. Rxf3 Bxf3 31. Nd5 Re2 32. Rf1 Bg2 33. Rc1 g5 34.
Kc5 h5 35. Kb6 Rb2 36. Rc3 Kh6 37. Kxa5 h4 38. gxh4 gxh4 39. Nf4 Kg5 40. Nxg2
Rxg2 41. b4 Rg3 42. Rc1 Kf4 43. Rh1 Rg4 44. c5 Ke5 45. b5 Kd5 46. c6 bxc6 47.
b6 c5 48. Rb1 Rg8 49. b7 Rb8 50. Kb6 Kd6 51. a5 Kd5 1-0

[Event "4NCL Division 1c"]
[Site "Telford, ENG"]
[Date "2017.04.29"]
[Round "9.41"]
[White "Arakhamia-Grant, Ketevan"]
[Black "Demuth, Adrien"]
[Result "1/2-1/2"]
[WhiteElo "2374"]
[BlackElo "2529"]
[PlyCount "238"]
[EventDate "2017.04.29"]
[WhiteTeam "White Rose 1"]
[BlackTeam "Guildford 2"]

1. e4 e5 2. Nf3 Nc6 3. Nc3 Nf6 4. Bb5 Bc5 5. O-O O-O 6. Nxe5 Nxe5 7. d4 Bd6 8.
f4 Neg4 9. e5 Be7 10. Be2 d6 11. h3 dxe5 12. fxe5 Nxe5 13. dxe5 Qxd1 14. Rxd1
Nd7 15. Bf4 Nc5 16. Nd5 Bd8 17. Be3 Ne6 18. Nc3 Re8 19. Ne4 Nf8 20. Bb5 c6 21.
Bc4 Bc7 22. Ng5 Ne6 23. Nxe6 Bxe6 24. Bxe6 Rxe6 25. Rd7 Bxe5 26. Rxb7 Bxb2 27.
Rb1 Rxe3 28. R1xb2 h5 29. Rc7 Re1+ 30. Kh2 Rd8 31. Rbb7 h4 32. Rd7 Rxd7 33.
Rxd7 Re2 34. Rxa7 Rxc2 35. a4 g5 36. Rc7 Kg7 37. a5 Kg6 38. a6 f6 39. a7 Ra2
40. Kg1 Kf5 41. Rxc6 Rxa7 42. Kf2 Ra2+ 43. Kf3 Ra3+ 44. Kf2 Rd3 45. Ke2 Rd5 46.
Ke3 Ke5 47. Rc8 Ra5 48. Rb8 Rc5 49. Ra8 Kf5 50. Kf3 Rc3+ 51. Kf2 Rd3 52. Ke2
Rd4 53. Ke3 Re4+ 54. Kf3 Rf4+ 55. Ke3 Kg6 56. Rg8+ Kf7 57. Ra8 Rc4 58. Ra7+ Ke6
59. Ra6+ Ke5 60. Ra5+ Kd6 61. Ra6+ Rc6 62. Ra8 Ke6 63. Kf3 Rc3+ 64. Kf2 Ke5 65.
Ra5+ Ke4 66. Ra4+ Kd5 67. Ra5+ Rc5 68. Ra6 Ke5 69. Kf3 f5 70. Ra8 Rc3+ 71. Kf2
Rc4 72. Ke3 Re4+ 73. Kf3 g4+ 74. hxg4 fxg4+ 75. Kf2 Rb4 76. Ra2 Kd5 77. Rd2+
Ke4 78. Re2+ Kf5 79. Ra2 Rd4 80. Rb2 Ra4 81. Rc2 g3+ 82. Kf3 Rf4+ 83. Ke3 Re4+
84. Kf3 Rf4+ 85. Ke3 Kg4 86. Rc8 Rb4 87. Rg8+ Kf5 88. Rf8+ Kg5 89. Rg8+ Kf5 90.
Rf8+ Ke5 91. Re8+ Kf6 92. Rf8+ Kg6 93. Rg8+ Kf7 94. Rh8 Kg7 95. Rh5 Kg6 96. Rh8
Rc4 97. Kf3 Kf5 98. Rf8+ Ke5 99. Re8+ Kd6 100. Rh8 Ra4 101. Rh6+ Ke5 102. Rh5+
Kf6 103. Rh8 Rd4 104. Ke3 Rc4 105. Kf3 Rb4 106. Rh5 Kg7 107. Ke3 Kg6 108. Rh8
Kf5 109. Rf8+ Ke5 110. Re8+ Kd5 111. Rd8+ Kc6 112. Rh8 Ra4 113. Kf3 Rd4 114.
Ke3 Ra4 115. Kf3 Rb4 116. Rh5 Kb6 117. Ke3 Rb3+ 118. Kf4 Rb2 119. Rxh4 Rxg2
1/2-1/2

[Event "4NCL Division 1c"]
[Site "Telford, ENG"]
[Date "2017.04.29"]
[Round "9.42"]
[White "Zhou, Yang-Fan"]
[Black "Wells, Peter K"]
[Result "1/2-1/2"]
[WhiteElo "2500"]
[BlackElo "2427"]
[PlyCount "126"]
[EventDate "2017.04.29"]
[WhiteTeam "Guildford 2"]
[BlackTeam "White Rose 1"]

1. e4 e5 2. Nc3 Nf6 3. g3 d5 4. exd5 Nxd5 5. Bg2 Nxc3 6. bxc3 Nc6 7. Nf3 Bc5 8.
O-O O-O 9. Re1 Bg4 10. h3 Bh5 11. d3 f5 12. Bg5 Qd6 13. d4 exd4 14. Bf4 Qd8 15.
Qd3 Kh8 16. Ng5 dxc3 17. Ne6 Qxd3 18. cxd3 Ba3 19. Nxf8 Rxf8 20. Rab1 Nb4 21.
Bc1 c2 22. Bxa3 cxb1=Q 23. Rxb1 a5 24. Bxb4 axb4 25. Bxb7 Bf7 26. Rxb4 Bxa2 27.
Rb2 Be6 28. Re2 Rf6 29. d4 g5 30. Rc2 f4 31. g4 h5 32. f3 hxg4 33. hxg4 Bg8 34.
Rxc7 Rd6 35. Rc5 Rxd4 36. Rxg5 Bc4 37. Be4 Rd1+ 38. Kg2 Rd2+ 39. Kg1 Rd1+ 40.
Kf2 Rd2+ 41. Ke1 Re2+ 42. Kd1 Re3 43. Rh5+ Kg7 44. Rh2 Kf6 45. Kd2 Be6 46. Rh6+
Ke5 47. Rg6 Bc4 48. Rc6 Kd4 49. g5 Re2+ 50. Kd1 Rg2 51. g6 Kc3 52. Ke1 Re2+ 53.
Kd1 Rf2 54. Rxc4+ Kxc4 55. Bf5 Rg2 56. Bg4 Kd3 57. Ke1 Re2+ 58. Kf1 Re7 59. Kg2
Ke3 60. Bf5 Rg7 61. Be4 Rg8 62. Kh3 Rxg6 63. Bxg6 Kxf3 1/2-1/2

[Event "4NCL Division 1c"]
[Site "Telford, ENG"]
[Date "2017.04.29"]
[Round "9.43"]
[White "McNab, Colin A"]
[Black "Suarez Real, Alberto"]
[Result "1/2-1/2"]
[WhiteElo "2436"]
[BlackElo "2434"]
[PlyCount "34"]
[EventDate "2017.04.29"]
[WhiteTeam "White Rose 1"]
[BlackTeam "Guildford 2"]

1. Nf3 Nf6 2. c4 g6 3. g3 Bg7 4. Bg2 O-O 5. O-O c5 6. Nc3 Nc6 7. d3 d5 8. cxd5
Nxd5 9. Bd2 b6 10. d4 cxd4 11. Nxd5 Qxd5 12. Nxd4 Qxd4 13. Bxc6 Bh3 14. Bc3
Qxd1 15. Rfxd1 Rad8 16. Bxg7 Kxg7 17. b4 Be6 1/2-1/2

[Event "4NCL Division 1c"]
[Site "Telford, ENG"]
[Date "2017.04.29"]
[Round "9.44"]
[White "Flear, Glenn C"]
[Black "Palliser, Richard J D"]
[Result "1-0"]
[WhiteElo "2427"]
[BlackElo "2417"]
[PlyCount "139"]
[EventDate "2017.04.29"]
[WhiteTeam "Guildford 2"]
[BlackTeam "White Rose 1"]

1. d4 Nf6 2. c4 g6 3. Nc3 Bg7 4. e4 d6 5. Be2 O-O 6. Bg5 Na6 7. Qd2 e5 8. d5 c6
9. Bd3 cxd5 10. cxd5 Nc5 11. Bc2 a5 12. Nge2 Bd7 13. O-O b5 14. f3 b4 15. Nd1
Qb6 16. Nf2 a4 17. Be3 Bb5 18. Rfc1 b3 19. axb3 axb3 20. Bd3 Bxd3 21. Nxd3 Nfd7
22. Nxc5 Nxc5 23. Bxc5 dxc5 24. Qe3 Rxa1 25. Rxa1 Qb4 26. Kf1 Rc8 27. Nc3 c4
28. Qa7 Bh6 29. Ra4 Qf8 30. Qa6 Bc1 31. Rxc4 Ra8 32. Qb6 Bxb2 33. Qxb3 Rb8 34.
Qc2 Qa3 35. Nd1 Bd4 36. Rc8+ Rxc8 37. Qxc8+ Kg7 38. Qc2 Qa6+ 39. Qe2 Qa4 40. g3
Bc5 41. Kg2 Qd4 42. Nf2 h5 43. Nd3 Ba7 44. Kh3 f6 45. f4 Bb6 46. fxe5 fxe5 47.
Ne1 Bd8 48. Nf3 Qc3 49. Kg2 Bf6 50. h3 Qb4 51. g4 hxg4 52. hxg4 Qc3 53. Qd2 Qc4
54. Qe3 Qc2+ 55. Kg3 Qc7 56. Qa3 Be7 57. Qa6 Qc1 58. Qe6 Qf4+ 59. Kg2 Bf6 60.
g5 Bxg5 61. Qxe5+ Qxe5 62. Nxe5 Bf4 63. Nd3 Bc7 64. e5 Kf7 65. Kf3 Ke7 66. Ke4
g5 67. Nf2 Bb6 68. Ng4 Bc7 69. Kf5 Bb8 70. Ne3 1-0